000 00252nam a2200097Ia 4500
001 1075969
005 20250827002248.0
008 250824s9999 xx 000 0 und d
245 0 _aMUHAMMED HAMİDULLAH
_cABDULKADİR MACİT
260 _bKETEBE YAYINLARI
999 _c1075969
_d1075969